[Event "IRI-ch U16"]
[Site "Chess.com INT"]
[Date "2021.01.16"]
[Round "9"]
[White "Khorasani, Amir Reza"]
[Black "Baytamari, Amir Hossein"]
[Result "1/2-1/2"]
[WhiteElo "1358"]
[BlackElo "1639"]
[PlyCount "106"]
[EventDate "2021.01.16"]
[EventType "swiss"]
[EventRounds "11"]
[EventCountry "IRI"]
[SourceTitle "EXT 2022"]
[Source "ChessBase"]
[SourceDate "2021.10.06"]
[SourceVersion "1"]
[SourceVersionDate "2021.10.06"]
[SourceQuality "1"]

1. d4 Nf6 2. Nf3 g6 3. Bf4 d6 4. c3 Bg7 5. Nbd2 Nh5 6. Bg5 h6 7. Bh4 g5 8. Bg3 Nxg3 9. hxg3 b6 10. e4 Bb7 11. Bc4 e6 12. Qe2 Nd7 13. 0-0-0 Qe7 14. Ba6 0-0-0 15. Bxb7+ Kxb7 16. Nb3 a6 17. a4 c5 18. dxc5 Nxc5 19. Nxc5+ dxc5 20. e5 Qc7 21. Qe4+ Qc6 22. Qxc6+ Kxc6 23. g4 b5 24. axb5+ axb5 25. Kc2 Rd5 26. Rxd5 Kxd5 27. Rd1+ Kc6 28. Rd6+ Kc7 29. Ra6 Rb8 30. Ra7+ Rb7 31. Ra8 Rb8 32. Ra7+ Rb7 33. Ra8 Rb8 34. Rxb8 Kxb8 35. b3 Kc7 36. c4 bxc4 37. bxc4 Kb6 38. Kd3 Ka5 39. Ke4 Kb4 40. Nd2 Kc3 41. Nb1+ Kxc4 42. g3 Kb3 43. f4 c4 44. Kd4 Bf8 45. Nd2+ Kb4 46. Nxc4 Bc5+ 47. Kd3 Kb5 48. Ne3 Bxe3 49. Kxe3 Kc4 50. Ke4 Kc3 51. Ke3 Kc4 52. Ke4 Kc3 53. Ke3 Kc4 1/2-1/2